| 000 | 00510nam a22001577a 4500 | ||
|---|---|---|---|
| 003 | SGT | ||
| 020 | _a9788182040083 | ||
| 082 | _a65831425 | ||
| 100 | _aGHOSH, SUVRADEEP GAURANGA | ||
| 245 | _aHOTEL FONT OFFICE TRAINING MANUAL | ||
| 260 |
_aNEW DELHI _bAMAN PUBLICATIONS _c2005 |
||
| 300 | _a311 | ||
| 650 | _aHUMAN RESOURCE MANAGEMENT | ||
| 653 | _aTHE HOSPITALITY AND LODGING INDUSTRY,HOTEL ORGANIZATION AND THE ROOMS DIVISION, FRONT OFFICE AND ITS SECTIONS, THE RESERVATIONS SECTION | ||
| 942 |
_2ddc _cFCM |
||
| 999 |
_c9192 _d9192 |
||